Modelling in Life Insurance <A> Management Perspective

Na minha lista:
Detalhes bibliográficos
Outros Autores: Laurent, Jean-Paul, Norberg, Ragnar, Planchet, Frédéric
Formato: Livro
Idioma:inglês
Publicado em: Cham Springer 2016
Colecção:EAA Series
Assuntos:
Tags: Adicionar Tag
Sem tags, seja o primeiro a adicionar uma tag!

MARC

LEADER 00000nam a2200000 4500
001 0248422
005 20240314123200.5
020 |a 978-3-319-29774-3 
022 |a 1869-6929 
041 0 |a eng 
044 |a CH 
245 1 0 |a Modelling in Life Insurance  |b <A> Management Perspective  |c Editors: Jean-Paul Laurent, Ragnar Norberg, Frédéric Planchet 
264 1 |a Cham  |b Springer  |c 2016 
300 |a 255 s. 
490 1 |a EAA Series 
830 0 |a EAA Series 
610 2 0 |a poistenie životné 
610 2 0 |a paradigma 
610 2 0 |a modely aktuárske 
610 2 0 |a cash flow 
610 2 0 |a modelovanie ekonometrické 
610 2 0 |a poisťovne 
700 1 |a Laurent, Jean-Paul 
700 1 |a Norberg, Ragnar 
700 1 |a Planchet, Frédéric